header

Fluoropolymers (Record no. 67193)

MARC details
000 -LEADER
fixed length control field 01272nam a2200337 a 4500
082 04 - DEWEY DECIMAL CLASSIFICATION NUMBER
Classification number 547/.70459
245 00 - TITLE STATEMENT
Title Fluoropolymers
260 ## - PUBLICATION, DISTRIBUTION, ETC. (IMPRINT)
Place of publication New York :
Name of publisher Kluwer Academic/Plenum,
Year of publication 1999.
300 ## - PHYSICAL DESCRIPTION
Number of Pages xviii, 329 p. :
Other physical details ill.
490 1# - SERIES STATEMENT
Series statement Topics in applied chemistry
505 0# - FORMATTED CONTENTS NOTE
Formatted contents note 1. Synthesis -- 2. Properties.
650 #0 - SUBJECT ADDED ENTRY--TOPICAL TERM
Topical Term Fluoropolymers.
700 1# - ADDED ENTRY--PERSONAL NAME
Personal name Hougham, Gareth.
856 40 - ELECTRONIC LOCATION AND ACCESS
Uniform Resource Identifier http://site.ebrary.com/lib/rucke/Doc?id=10052598

No items available.

© 2026 Rongo University
Contact us: librarian | system librarian | Rongo university